[Event "DVM U12 2024"]
[Site "Heidelberg GER"]
[Date "2024.12.29"]
[Round "5"]
[White "Vlach, Ludwig"]
[Black "Rudolph, Simon"]
[Result "1/2-1/2"]
[Termination "normal"]
[Board "9.1"]
[WhiteElo "1709"]
[BlackElo "1614"]
[WhiteClock "00:42:27"]
[BlackClock "00:36:44"]
[WhiteTeam "SG Trier 1877"]
[BlackTeam "SC Leipzig-Lindenau"]
[PlyCount "80"]
[WhiteFideId "4007344"]
[BlackFideId "34617078"]
[EventCountry "GER"]
[EventRounds "7"]
[EventType "team-swiss"]
[EventDate "2024.12.26"]

1. e4 {[%clk 01:30:58]} {[%emt 00:00:02]} Nf6 {[%clk 01:30:56]} {[%emt
00:00:04]} 2. e5 {[%clk 01:31:23]} {[%emt 00:00:06]} Nd5 {[%clk 01:31:22]}
{[%emt 00:00:03]} 3. d4 {[%clk 01:31:49]} {[%emt 00:00:05]} d6 {[%clk
01:31:46]} {[%emt 00:00:06]} 4. c4 {[%clk 01:32:14]} {[%emt 00:00:05]} Nb6
{[%clk 01:32:10]} {[%emt 00:00:05]} 5. Nf3 {[%clk 01:32:40]} {[%emt 00:00:05]}
Bg4 {[%clk 01:32:01]} {[%emt 00:00:39]} 6. exd6 {[%clk 01:32:50]} {[%emt
00:00:20]} exd6 {[%clk 01:31:59]} {[%emt 00:00:31]} 7. Be2 {[%clk 01:33:07]}
{[%emt 00:00:14]} Be7 {[%clk 01:32:14]} {[%emt 00:00:14]} 8. Nc3 {[%clk
01:33:28]} {[%emt 00:00:10]} Nc6 {[%clk 01:32:20]} {[%emt 00:00:23]} 9. h3
{[%clk 01:33:35]} {[%emt 00:00:24]} Bf5 {[%clk 01:32:02]} {[%emt 00:00:45]} 10.
Be3 {[%clk 01:33:52]} {[%emt 00:00:15]} h6 {[%clk 01:28:02]} {[%emt 00:04:30]}
11. O-O {[%clk 01:32:43]} {[%emt 00:01:39]} O-O {[%clk 01:27:19]} {[%emt
00:01:13]} 12. a3 {[%clk 01:32:20]} {[%emt 00:00:54]} a5 {[%clk 01:27:04]}
{[%emt 00:00:45]} 13. d5 {[%clk 01:30:33]} {[%emt 00:02:17]} Nb8 {[%clk
01:23:37]} {[%emt 00:03:57]} 14. b4 {[%clk 01:26:34]} {[%emt 00:04:30]} N8d7
{[%clk 01:21:48]} {[%emt 00:02:19]} 15. Nb5 {[%clk 01:20:15]} {[%emt 00:06:49]}
Nf6 {[%clk 01:13:33]} {[%emt 00:08:44]} 16. Bf4 {[%clk 01:16:29]} {[%emt
00:04:16]} Ne4 {[%clk 01:12:27]} {[%emt 00:01:35]} 17. c5 {[%clk 01:12:53]}
{[%emt 00:04:08]} Nd7 {[%clk 01:11:10]} {[%emt 00:01:46]} 18. c6 {[%emt
00:03:06]} bxc6 {[%clk 01:10:08]} {[%emt 00:01:29]} 19. dxc6 {[%clk 01:10:43]}
{[%emt 00:00:07]} Nb6 {[%clk 01:09:46]} {[%emt 00:00:51]} 20. Be3 {[%clk
01:03:43]} {[%emt 00:07:31]} Nc8 {[%clk 01:08:25]} {[%emt 00:01:49]} 21. Qe1
{[%clk 00:58:00]} {[%emt 00:06:14]} axb4 {[%clk 00:49:57]} {[%emt 00:18:58]}
22. axb4 {[%clk 00:58:18]} {[%emt 00:00:11]} Rxa1 {[%clk 00:49:57]} {[%emt
00:00:30]} 23. Qxa1 {[%clk 00:58:32]} {[%emt 00:00:16]} Bf6 {[%clk 00:49:46]}
{[%emt 00:00:41]} 24. Nbd4 {[%clk 00:58:42]} {[%emt 00:00:20]} Re8 {[%clk
00:48:12]} {[%emt 00:02:03]} 25. Qa6 {[%clk 00:57:25]} {[%emt 00:01:47]} Bg6
{[%clk 00:46:28]} {[%emt 00:02:14]} 26. Nb3 {[%clk 00:53:00]} {[%emt 00:04:55]}
Ne7 {[%clk 00:41:40]} {[%emt 00:05:18]} 27. b5 {[%clk 00:51:03]} {[%emt
00:02:28]} Nd5 {[%clk 00:40:07]} {[%emt 00:02:03]} 28. Bc4 {[%clk 00:47:05]}
{[%emt 00:04:28]} Nxe3 {[%clk 00:39:44]} {[%emt 00:00:52]} 29. fxe3 {[%clk
00:47:19]} {[%emt 00:00:16]} d5 {[%clk 00:39:36]} {[%emt 00:00:38]} 30. Bd3
{[%clk 00:45:34]} {[%emt 00:02:16]} Ng3 {[%clk 00:37:13]} {[%emt 00:02:52]} 31.
Rd1 {[%clk 00:45:56]} {[%emt 00:00:08]} Rxe3 {[%clk 00:37:04]} 32. Bxg6 {[%clk
00:45:41]} {[%emt 00:01:24]} fxg6 {[%clk 00:37:23]} {[%emt 00:00:10]} 33. Kf2
{[%clk 00:45:24]} {[%emt 00:00:48]} Rxb3 {[%clk 00:37:36]} {[%emt 00:00:17]}
34. Kxg3 {[%clk 00:45:26]} {[%emt 00:00:28]} Qd6+ {[%clk 00:37:38]} {[%emt
00:00:28]} 35. Kf2 {[%clk 00:45:21]} {[%emt 00:00:35]} Rb2+ {[%clk 00:37:40]}
{[%emt 00:00:29]} 36. Kg1 {[%clk 00:43:52]} {[%emt 00:01:59]} Qg3 {[%clk
00:37:18]} {[%emt 00:00:51]} 37. Qc8+ {[%clk 00:43:32]} {[%emt 00:00:50]} Kh7
{[%clk 00:37:26]} {[%emt 00:00:21]} 38. Qg4 {[%clk 00:43:54]} {[%emt 00:00:09]}
Qf2+ {[%clk 00:36:38]} {[%emt 00:01:18]} 39. Kh1 {[%clk 00:44:21]} {[%emt
00:00:03]} h5 {[%clk 00:36:44]} {[%emt 00:00:24]} 40. Ng5+ {[%clk 00:42:27]}
{[%emt 00:02:24]} Kh6 {[%emt 00:01:20]} 1/2-1/2

[Event "DVM U10 2024"]
[Site "Düsseldorf GER"]
[Date "2024.12.27"]
[Round "1"]
[White "Busch, Jonathan Luis"]
[Black "Satheesh, Dharshini"]
[Result "1-0"]
[Termination "normal"]
[Board "1.2"]
[WhiteElo "1655"]
[BlackElo "1643"]
[WhiteClock "00:39:52"]
[BlackClock "00:27:47"]
[WhiteTeam "Hamburger SK 1830"]
[BlackTeam "Düsseldorfer SK 14/25"]
[PlyCount "41"]
[WhiteFideId "34664874"]
[BlackFideId "34655441"]
[EventCountry "GER"]
[EventRounds "7"]
[EventType "team-swiss"]
[EventDate "2024.12.26"]

1. c4 {[%clk 00:55:07]} {[%emt 00:00:03]} e5 {[%clk 00:55:04]} {[%emt
00:00:07]} 2. g3 {[%clk 00:55:04]} {[%emt 00:00:07]} Nf6 {[%clk 00:54:41]}
{[%emt 00:00:26]} 3. Bg2 {[%clk 00:55:02]} {[%emt 00:00:08]} Nc6 {[%clk
00:53:32]} {[%emt 00:01:14]} 4. e3 {[%clk 00:54:43]} {[%emt 00:00:25]} d6
{[%clk 00:50:44]} {[%emt 00:02:52]} 5. Nc3 {[%clk 00:54:21]} {[%emt 00:00:28]}
Be6 {[%clk 00:48:03]} {[%emt 00:02:46]} 6. d3 {[%clk 00:50:38]} {[%emt
00:03:48]} d5 {[%clk 00:46:12]} {[%emt 00:01:55]} 7. cxd5 {[%clk 00:49:42]}
{[%emt 00:01:02]} Nxd5 {[%clk 00:45:03]} {[%emt 00:01:14]} 8. a3 {[%clk
00:48:42]} {[%emt 00:01:04]} Bc5 {[%clk 00:43:33]} {[%emt 00:01:34]} 9. Nge2
{[%clk 00:48:03]} {[%emt 00:00:46]} O-O {[%clk 00:41:44]} {[%emt 00:01:54]} 10.
O-O {[%clk 00:47:39]} {[%emt 00:00:29]} Qd7 {[%clk 00:40:16]} {[%emt 00:01:33]}
11. Qc2 {[%clk 00:46:17]} {[%emt 00:01:27]} Rad8 {[%clk 00:39:30]} {[%emt
00:00:50]} 12. Nxd5 {[%clk 00:46:03]} {[%emt 00:00:19]} Bxd5 {[%clk 00:37:53]}
{[%emt 00:01:42]} 13. Qxc5 {[%clk 00:45:27]} {[%emt 00:00:41]} Bxg2 {[%clk
00:37:46]} {[%emt 00:00:12]} 14. Kxg2 {[%clk 00:45:22]} {[%emt 00:00:10]} Qxd3
{[%clk 00:37:45]} {[%emt 00:00:07]} 15. Nc3 {[%clk 00:43:42]} {[%emt 00:01:44]}
Qc2 {[%clk 00:32:19]} {[%emt 00:05:30]} 16. Qb5 {[%clk 00:42:05]} {[%emt
00:01:43]} Rb8 {[%clk 00:30:44]} {[%emt 00:01:39]} 17. Qa4 {[%clk 00:40:55]}
{[%emt 00:01:15]} Qxa4 {[%clk 00:29:03]} {[%emt 00:01:46]} 18. Nxa4 {[%clk
00:40:49]} {[%emt 00:00:11]} Rbd8 {[%clk 00:28:57]} {[%emt 00:00:12]} 19. b4
{[%clk 00:40:32]} {[%emt 00:00:22]} a6 {[%clk 00:28:39]} {[%emt 00:00:23]} 20.
Bb2 {[%clk 00:40:03]} {[%emt 00:00:33]} f6 {[%clk 00:27:47]} {[%emt 00:00:57]}
21. Rfd1 {[%clk 00:39:52]} {[%emt 00:00:17]} Kf7 22. Nc5 Rxd1 23. Rxd1 Rd8 24.
Rxd8 Nxd8 25. e4 b6 26. Nxa6 Ne6 27. b5 Ke7 28. Nb4 Kd6 29. Nc6 Kc5 30. a4 Kc4
31. Bc1 Kb3 32. a5 bxa5 33. Nxa5+ Kb4 34. Nc6+ Kxb5 35. Ne7 c5 36. f4 Nd4 37.
Nf5 Nxf5 38. exf5 exf4 39. Bxf4 g6 40. fxg6 hxg6 41. h4 f5 42. Kf3 Kc6 43. Be5
Kd5 44. Kf4 Ke6 45. Bc3 c4 46. Kg5 Kf7 47. Bb2 f4 48. gxf4 c3 49. Bxc3 Kg8 50.
Kxg6 Kf8 51. h5 Kg8 52. h6 Kf8 53. Bf6 Kg8 54. h7+ Kf8 55. h8=R# 1-0

[Event "DVM U10 2024"]
[Site "Düsseldorf GER"]
[Date "2024.12.27"]
[Round "1"]
[White "Satheesh, Yazhini"]
[Black "Marx, Jakob"]
[Result "1/2-1/2"]
[Termination "normal"]
[Board "1.3"]
[WhiteElo "1023"]
[BlackElo "1591"]
[WhiteClock "00:24:33"]
[BlackClock "00:42:45"]
[WhiteTeam "Düsseldorfer SK 14/25"]
[BlackTeam "Hamburger SK 1830"]
[PlyCount "46"]
[WhiteFideId "34655468"]
[BlackFideId "34642722"]
[EventCountry "GER"]
[EventRounds "7"]
[EventType "team-swiss"]
[EventDate "2024.12.26"]

1. e4 {[%clk 00:55:09]} e5 {[%clk 00:55:06]} {[%emt 00:00:04]} 2. Nf3 {[%clk
00:55:01]} {[%emt 00:00:13]} Nc6 {[%clk 00:55:02]} {[%emt 00:00:08]} 3. Nc3
{[%clk 00:54:36]} {[%emt 00:00:31]} Nf6 {[%clk 00:54:59]} {[%emt 00:00:08]} 4.
Bb5 {[%clk 00:53:57]} {[%emt 00:00:43]} d6 {[%clk 00:54:32]} {[%emt 00:00:32]}
5. d3 {[%clk 00:52:47]} {[%emt 00:01:15]} Be7 {[%clk 00:54:08]} {[%emt
00:00:28]} 6. Bg5 {[%clk 00:49:57]} {[%emt 00:02:56]} h6 {[%clk 00:53:50]}
{[%emt 00:00:23]} 7. Be3 {[%clk 00:46:22]} {[%emt 00:03:39]} a6 {[%clk
00:53:10]} {[%emt 00:00:46]} 8. Ba4 {[%clk 00:44:40]} {[%emt 00:01:47]} b5
{[%clk 00:52:53]} {[%emt 00:00:22]} 9. Bb3 {[%clk 00:44:10]} {[%emt 00:00:36]}
Bb7 {[%clk 00:52:43]} {[%emt 00:00:15]} 10. O-O {[%clk 00:41:34]} {[%emt
00:02:42]} O-O {[%clk 00:52:27]} {[%emt 00:00:21]} 11. Qd2 {[%clk 00:40:11]}
{[%emt 00:01:28]} Re8 {[%clk 00:52:06]} {[%emt 00:00:26]} 12. Rfe1 {[%clk
00:38:08]} {[%emt 00:02:08]} Bf8 {[%clk 00:51:56]} {[%emt 00:00:15]} 13. Nd5
{[%clk 00:35:37]} {[%emt 00:02:36]} Nxd5 {[%clk 00:49:51]} {[%emt 00:02:10]}
14. Bxd5 {[%clk 00:34:43]} {[%emt 00:00:59]} Qc8 {[%clk 00:49:06]} {[%emt
00:00:51]} 15. Qc3 {[%clk 00:33:05]} {[%emt 00:01:43]} Ne7 {[%clk 00:48:05]}
{[%emt 00:01:05]} 16. Bxb7 {[%clk 00:32:01]} {[%emt 00:01:10]} Qxb7 {[%clk
00:47:58]} {[%emt 00:00:11]} 17. Rac1 {[%clk 00:30:30]} {[%emt 00:01:38]} c5
{[%clk 00:47:18]} {[%emt 00:00:45]} 18. b3 {[%clk 00:29:32]} {[%emt 00:01:02]}
f5 {[%clk 00:45:35]} {[%emt 00:01:48]} 19. exf5 {[%clk 00:28:23]} {[%emt
00:01:14]} Nxf5 {[%clk 00:45:25]} {[%emt 00:00:13]} 20. Bd2 {[%clk 00:27:54]}
{[%emt 00:00:35]} Be7 {[%clk 00:44:31]} {[%emt 00:00:59]} 21. Qb2 {[%clk
00:26:39]} {[%emt 00:01:20]} Bf6 {[%clk 00:43:54]} {[%emt 00:00:42]} 22. Qa3
{[%clk 00:25:27]} {[%emt 00:01:15]} Nd4 {[%clk 00:42:49]} {[%emt 00:01:12]} 23.
Nxd4 {[%clk 00:24:33]} {[%emt 00:00:59]} exd4 {[%clk 00:42:45]} {[%emt
00:00:08]} 24. Rxe8+ Rxe8 25. Rd1 b4 26. Qc1 Be5 27. Bf4 Qf7 28. Bxe5 dxe5 29.
Rf1 Qf4 30. Qxf4 exf4 31. Rd1 Re2 32. Rc1 Kf7 33. Kf1 Re8 34. Re1 Rxe1+ 35.
Kxe1 g5 36. Ke2 g4 37. f3 h5 38. fxg4 hxg4 39. Kf2 Kg6 40. Ke2 Kg5 41. Kf2 Kh4
42. Kf1 g3 43. hxg3+ Kxg3 44. Kg1 Kh4 45. Kf2 Kg4 46. Kf1 f3 47. gxf3+ Kxf3 48.
Ke1 Ke3 49. Kd1 Kf2 50. Kd2 Kf1 51. Kd1 Kf2 1/2-1/2

[Event "DVM U10 2024"]
[Site "Düsseldorf GER"]
[Date "2024.12.27"]
[Round "1"]
[White "Peters, Leopold"]
[Black "Özdemir, Anna Valentina"]
[Result "1-0"]
[Termination "normal"]
[Board "1.4"]
[WhiteElo "1701"]
[BlackElo "954"]
[WhiteClock "00:34:38"]
[BlackClock "00:32:42"]
[WhiteTeam "Hamburger SK 1830"]
[BlackTeam "Düsseldorfer SK 14/25"]
[PlyCount "46"]
[WhiteFideId "34697179"]
[BlackFideId "34648712"]
[EventCountry "GER"]
[EventRounds "7"]
[EventType "team-swiss"]
[EventDate "2024.12.26"]

1. d4 {[%clk 00:55:07]} {[%emt 00:00:03]} d5 {[%clk 00:55:04]} {[%emt
00:00:07]} 2. c4 {[%clk 00:55:05]} {[%emt 00:00:06]} e6 {[%clk 00:54:45]}
{[%emt 00:00:23]} 3. Nc3 {[%clk 00:54:49]} {[%emt 00:00:21]} Nf6 {[%clk
00:54:25]} {[%emt 00:00:26]} 4. Nf3 {[%clk 00:54:23]} {[%emt 00:00:30]} Bd7
{[%clk 00:53:53]} {[%emt 00:00:37]} 5. Bf4 {[%clk 00:53:55]} {[%emt 00:00:33]}
c5 {[%clk 00:52:28]} {[%emt 00:01:30]} 6. cxd5 {[%clk 00:52:50]} {[%emt
00:01:10]} exd5 {[%clk 00:52:11]} {[%emt 00:00:22]} 7. dxc5 {[%clk 00:52:13]}
{[%emt 00:00:42]} Bxc5 {[%clk 00:51:55]} {[%emt 00:00:21]} 8. e3 {[%clk
00:51:29]} {[%emt 00:00:49]} O-O {[%clk 00:50:41]} {[%emt 00:01:18]} 9. a3
{[%clk 00:50:24]} {[%emt 00:01:11]} Nc6 {[%clk 00:49:35]} {[%emt 00:01:11]} 10.
Nxd5 {[%clk 00:48:29]} {[%emt 00:01:59]} Nxd5 {[%clk 00:47:58]} {[%emt
00:01:42]} 11. Qxd5 {[%clk 00:48:06]} {[%emt 00:00:28]} Bb6 {[%clk 00:46:37]}
{[%emt 00:01:26]} 12. Qd1 {[%clk 00:45:51]} {[%emt 00:02:20]} Be6 {[%clk
00:44:02]} {[%emt 00:02:40]} 13. Be2 {[%clk 00:44:50]} {[%emt 00:01:08]} Qf6
{[%clk 00:42:28]} {[%emt 00:01:30]} 14. Qc2 {[%clk 00:43:07]} {[%emt 00:01:56]}
Rac8 {[%clk 00:41:32]} {[%emt 00:00:55]} 15. Qb1 {[%clk 00:41:38]} {[%emt
00:01:33]} Ba5+ {[%clk 00:40:35]} {[%emt 00:01:07]} 16. b4 {[%emt 00:00:45]}
Qc3+ {[%clk 00:39:53]} {[%emt 00:00:39]} 17. Nd2 {[%clk 00:38:33]} {[%emt
00:02:38]} Bf5 {[%clk 00:37:47]} {[%emt 00:02:11]} 18. Qc1 {[%clk 00:36:54]}
{[%emt 00:01:45]} Qxc1+ {[%clk 00:36:39]} {[%emt 00:01:12]} 19. Rxc1 {[%clk
00:36:37]} {[%emt 00:00:23]} Bc7 {[%clk 00:35:43]} {[%emt 00:00:55]} 20. Bxc7
{[%clk 00:36:12]} {[%emt 00:00:36]} Rxc7 {[%clk 00:35:32]} {[%emt 00:00:17]}
21. O-O {[%clk 00:36:02]} {[%emt 00:00:14]} Rd7 {[%clk 00:34:34]} {[%emt
00:01:03]} 22. Nf3 {[%clk 00:35:44]} {[%emt 00:00:24]} Rd6 {[%clk 00:33:34]}
{[%emt 00:01:05]} 23. Rfd1 {[%clk 00:34:38]} {[%emt 00:01:11]} Rg6 {[%clk
00:32:42]} {[%emt 00:00:57]} 24. Nh4 Rg5 25. Nxf5 Rxf5 26. Bf3 Rc8 27. Rd7 Re8
28. Bxc6 bxc6 29. Rxa7 Rd8 30. f3 Rfd5 31. Rc7 Rd3 32. R7xc6 Re8 33. R1c3 Rd1+
34. Kf2 h6 35. e4 Red8 36. Rc8 Rxc8 37. Rxc8+ Kh7 38. Rc2 1-0

[Event "DVM U10 2024"]
[Site "Düsseldorf GER"]
[Date "2024.12.27"]
[Round "1"]
[White "Jozsa, Lev"]
[Black "Karabetyan, Levon"]
[Result "0-1"]
[Termination "normal"]
[Board "2.1"]
[WhiteElo "1617"]
[BlackElo "1230"]
[WhiteClock "00:35:41"]
[BlackClock "00:32:17"]
[WhiteTeam "SV Empor Berlin"]
[BlackTeam "Schach-Kids Bernhausen"]
[PlyCount "19"]
[WhiteFideId "34681434"]
[BlackFideId "533023158"]
[EventCountry "GER"]
[EventRounds "7"]
[EventType "team-swiss"]
[EventDate "2024.12.26"]

1. e4 {[%clk 00:54:45]} {[%emt 00:00:23]} e5 {[%clk 00:55:02]} {[%emt
00:00:09]} 2. Nf3 {[%clk 00:54:39]} {[%emt 00:00:11]} Nc6 {[%clk 00:54:59]}
{[%emt 00:00:08]} 3. Bc4 {[%clk 00:54:20]} {[%emt 00:00:24]} Nf6 {[%clk
00:54:54]} {[%emt 00:00:10]} 4. Ng5 {[%clk 00:54:21]} {[%emt 00:00:05]} d5
{[%clk 00:54:51]} {[%emt 00:00:07]} 5. exd5 {[%clk 00:54:09]} {[%emt 00:00:17]}
b5 {[%clk 00:54:43]} {[%emt 00:00:14]} 6. Bf1 {[%clk 00:53:17]} {[%emt
00:00:57]} Nxd5 {[%clk 00:50:02]} {[%emt 00:04:45]} 7. Bxb5 {[%clk 00:47:15]}
{[%emt 00:06:06]} Bb7 {[%clk 00:49:15]} {[%emt 00:00:52]} 8. Nf3 {[%clk
00:42:22]} {[%emt 00:04:58]} Qf6 {[%clk 00:44:53]} {[%emt 00:04:27]} 9. d4
{[%clk 00:38:15]} {[%emt 00:04:12]} Bd6 {[%clk 00:32:17]} {[%emt 00:12:40]} 10.
c4 {[%clk 00:35:41]} {[%emt 00:02:40]} Nf4 11. d5 O-O-O 12. g3 Ne6 13. dxc6 e4
14. cxb7+ Kxb7 15. Qb3 Nc5 16. Bc6+ Kc8 17. Qc3 Nd3+ 18. Kf1 Qxf3 19. Be3 Qxh1+
20. Ke2 Qf3+ 21. Kd2 Bb4 0-1

[Event "DVM U10 2024"]
[Site "Düsseldorf GER"]
[Date "2024.12.27"]
[Round "1"]
[White "Hou, Yinuo"]
[Black "Ahmadov, Ahmad"]
[Result "0-1"]
[Termination "normal"]
[Board "2.2"]
[WhiteElo "1210"]
[BlackElo "1665"]
[WhiteClock "00:31:32"]
[BlackClock "00:36:25"]
[WhiteTeam "Schach-Kids Bernhausen"]
[BlackTeam "SV Empor Berlin"]
[PlyCount "128"]
[BlackFideId "34661018"]
[EventCountry "GER"]
[EventRounds "7"]
[EventType "team-swiss"]
[EventDate "2024.12.26"]

1. e4 {[%clk 00:55:05]} {[%emt 00:00:04]} e5 {[%clk 00:55:10]} 2. Nf3 {[%clk
00:54:59]} {[%emt 00:00:12]} Nc6 {[%clk 00:55:09]} {[%emt 00:00:06]} 3. Bb5
{[%clk 00:54:58]} {[%emt 00:00:06]} a6 {[%clk 00:55:06]} {[%emt 00:00:08]} 4.
Ba4 {[%clk 00:54:58]} {[%emt 00:00:05]} Nf6 {[%clk 00:55:04]} {[%emt 00:00:07]}
5. d3 {[%clk 00:54:52]} {[%emt 00:00:11]} b5 {[%clk 00:54:49]} {[%emt
00:00:20]} 6. Bb3 {[%clk 00:54:34]} {[%emt 00:00:23]} d6 {[%clk 00:54:33]}
{[%emt 00:00:18]} 7. c3 {[%clk 00:54:33]} {[%emt 00:00:07]} Be7 {[%clk
00:54:16]} {[%emt 00:00:22]} 8. Nbd2 {[%clk 00:54:21]} {[%emt 00:00:17]} O-O
{[%clk 00:53:58]} {[%emt 00:00:24]} 9. O-O {[%clk 00:54:05]} {[%emt 00:00:19]}
Bb7 {[%clk 00:53:41]} {[%emt 00:00:23]} 10. Re1 {[%clk 00:53:45]} {[%emt
00:00:24]} Qd7 {[%clk 00:53:14]} {[%emt 00:00:33]} 11. Nf1 {[%clk 00:53:27]}
{[%emt 00:00:23]} Na5 {[%clk 00:53:11]} {[%emt 00:00:09]} 12. Bc2 {[%clk
00:53:17]} {[%emt 00:00:16]} c5 {[%clk 00:51:49]} {[%emt 00:01:26]} 13. Ng3
{[%clk 00:52:09]} {[%emt 00:01:13]} Rfe8 {[%clk 00:50:23]} {[%emt 00:01:28]}
14. Bd2 {[%clk 00:50:03]} {[%emt 00:02:15]} Bf8 {[%clk 00:48:17]} {[%emt
00:02:12]} 15. Bg5 {[%clk 00:47:45]} {[%emt 00:02:22]} Qe6 {[%clk 00:45:52]}
{[%emt 00:02:30]} 16. Qd2 {[%clk 00:44:23]} {[%emt 00:03:26]} h6 {[%clk
00:44:55]} {[%emt 00:01:02]} 17. Be3 {[%clk 00:44:05]} {[%emt 00:00:22]} Ng4
{[%emt 00:00:16]} 18. c4 {[%clk 00:42:03]} {[%emt 00:02:05]} Nxe3 {[%clk
00:44:06]} {[%emt 00:00:45]} 19. fxe3 {[%clk 00:40:14]} {[%emt 00:01:56]} Nc6
{[%clk 00:43:18]} {[%emt 00:00:51]} 20. Bb3 {[%clk 00:37:59]} {[%emt 00:02:21]}
b4 {[%clk 00:42:50]} {[%emt 00:00:33]} 21. d4 {[%clk 00:35:17]} {[%emt
00:02:47]} Na5 {[%clk 00:39:55]} {[%emt 00:02:59]} 22. d5 {[%clk 00:34:17]}
{[%emt 00:01:06]} Qd7 {[%clk 00:38:07]} {[%emt 00:01:53]} 23. Nf5 {[%clk
00:32:11]} {[%emt 00:02:11]} g6 {[%clk 00:36:57]} {[%emt 00:01:16]} 24. Ng3
{[%clk 00:31:43]} {[%emt 00:00:32]} Nxb3 {[%clk 00:36:53]} {[%emt 00:00:10]}
25. axb3 {[%clk 00:31:32]} {[%emt 00:00:14]} a5 {[%clk 00:36:25]} {[%emt
00:00:35]} 26. Rf1 a4 {[%clk 00:36:25]} 27. Qc2 a3 {[%clk 00:36:25]} 28. bxa3
Rxa3 {[%clk 00:36:25]} 29. Rxa3 bxa3 {[%clk 00:36:25]} 30. Ra1 Ra8 {[%clk
00:36:25]} 31. Qc1 Ra7 {[%clk 00:36:25]} 32. Rxa3 Rxa3 {[%clk 00:36:25]} 33.
Qxa3 Be7 {[%clk 00:36:25]} 34. b4 cxb4 {[%clk 00:36:25]} 35. Qxb4 Qc7 {[%clk
00:36:25]} 36. Nd2 Bd8 {[%clk 00:36:25]} 37. Ngf1 Qb6 {[%clk 00:36:25]} 38. Qa4
Kf8 {[%clk 00:36:25]} 39. Kf2 Ke7 {[%clk 00:36:25]} 40. Kf3 Ba6 {[%clk
00:36:25]} 41. Kg4 h5+ {[%clk 00:36:25]} 42. Kf3 Bb7 {[%clk 00:36:25]} 43. h3
Bc7 {[%clk 00:36:25]} 44. g4 h4 {[%clk 00:36:25]} 45. g5 f5 {[%clk 00:36:25]}
46. Qb5 Qa6 {[%clk 00:36:25]} 47. Qxa6 Bxa6 {[%clk 00:36:25]} 48. exf5 gxf5
{[%clk 00:36:25]} 49. e4 fxe4+ {[%clk 00:36:25]} 50. Kxe4 Bc8 {[%clk 00:36:25]}
51. Nf3 Bxh3 {[%clk 00:36:25]} 52. N1h2 Bd8 {[%clk 00:36:25]} 53. Nxh4 Kf7
{[%clk 00:36:25]} 54. N4f3 Kg6 {[%clk 00:36:25]} 55. Kd3 Bxg5 {[%clk 00:36:25]}
56. Nxg5 Kxg5 {[%clk 00:36:25]} 57. Kc3 Kf4 {[%clk 00:36:25]} 58. Kd3 Kg3
{[%clk 00:36:25]} 59. Kc3 Kxh2 {[%clk 00:36:25]} 60. c5 dxc5 {[%clk 00:36:25]}
61. d6 e4 {[%clk 00:36:25]} 62. Kd2 c4 {[%clk 00:36:25]} 63. d7 Bxd7 {[%clk
00:36:25]} 64. Ke3 c3 {[%clk 00:36:25]} 0-1

[Event "DVM U10 2024"]
[Site "Düsseldorf GER"]
[Date "2024.12.27"]
[Round "1"]
[White "Bashirova, Sona"]
[Black "Gheng, Hannes Lucas"]
[Result "1-0"]
[Termination "normal"]
[Board "2.3"]
[WhiteElo "1626"]
[BlackElo "1483"]
[WhiteClock "00:35:22"]
[BlackClock "00:31:01"]
[WhiteTeam "SV Empor Berlin"]
[BlackTeam "Schach-Kids Bernhausen"]
[PlyCount "35"]
[WhiteFideId "34664033"]
[BlackFideId "34606890"]
[EventCountry "GER"]
[EventRounds "7"]
[EventType "team-swiss"]
[EventDate "2024.12.26"]

1. d4 {[%clk 00:55:07]} {[%emt 00:00:01]} d5 {[%clk 00:55:05]} {[%emt
00:00:06]} 2. Bf4 {[%clk 00:55:05]} {[%emt 00:00:07]} e6 {[%clk 00:54:57]}
{[%emt 00:00:13]} 3. e3 {[%clk 00:54:59]} {[%emt 00:00:11]} Nf6 {[%clk
00:54:57]} {[%emt 00:00:06]} 4. Nd2 {[%clk 00:54:49]} {[%emt 00:00:14]} Be7
{[%clk 00:54:39]} {[%emt 00:00:23]} 5. Ngf3 {[%clk 00:54:28]} {[%emt 00:00:26]}
O-O {[%emt 00:00:17]} 6. c3 {[%clk 00:54:08]} {[%emt 00:00:24]} Nbd7 {[%clk
00:54:30]} {[%emt 00:00:04]} 7. Bd3 {[%clk 00:53:18]} {[%emt 00:00:55]} b6
{[%clk 00:54:02]} {[%emt 00:00:33]} 8. Ne5 {[%clk 00:50:39]} {[%emt 00:02:45]}
Bb7 {[%clk 00:52:49]} {[%emt 00:01:17]} 9. Ndf3 {[%clk 00:46:30]} {[%emt
00:04:14]} Ne4 {[%clk 00:51:42]} {[%emt 00:01:12]} 10. Nxd7 {[%clk 00:42:20]}
{[%emt 00:04:15]} Qxd7 {[%clk 00:51:36]} {[%emt 00:00:11]} 11. Ne5 {[%clk
00:42:16]} {[%emt 00:00:09]} Qd8 {[%clk 00:50:54]} {[%emt 00:00:46]} 12. f3
{[%clk 00:40:30]} {[%emt 00:01:53]} Nf6 {[%clk 00:50:19]} {[%emt 00:00:40]} 13.
Qc2 {[%clk 00:39:01]} {[%emt 00:01:34]} h6 {[%clk 00:43:54]} {[%emt 00:06:30]}
14. O-O-O {[%clk 00:38:28]} {[%emt 00:00:38]} a5 {[%clk 00:38:34]} {[%emt
00:05:24]} 15. g4 {[%clk 00:37:18]} {[%emt 00:01:16]} a4 {[%clk 00:33:47]}
{[%emt 00:04:52]} 16. a3 {[%clk 00:36:33]} {[%emt 00:00:50]} Ba6 {[%clk
00:31:34]} {[%emt 00:02:15]} 17. Bxa6 {[%clk 00:35:24]} {[%emt 00:01:16]} Rxa6
{[%clk 00:31:01]} {[%emt 00:00:38]} 18. h4 {[%clk 00:35:22]} {[%emt 00:00:07]}
h5 19. Qe2 Ra5 20. Nc6 Qe8 21. Nxa5 bxa5 22. Bxc7 hxg4 23. fxg4 Ne4 24. h5 Ng3
25. Bxg3 f5 26. gxf5 Rxf5 27. h6 Rg5 28. Bh4 Rg6 29. Bxe7 Qxe7 30. Qh5 Rxh6 31.
Qg4 Qf6 32. Rdf1 Qg6 33. Qxg6 Rxg6 34. Rhg1 Rh6 35. Rf2 Kh7 36. Rf7 Rg6 37.
Rxg6 Kxg6 38. Ra7 Kf6 39. Rxa5 g5 40. Rxa4 g4 41. Ra8 Kg5 42. Rg8+ Kh4 43.
Rxg4+ Kxg4 44. a4 Kf3 45. a5 Kxe3 46. a6 Kf4 47. a7 e5 48. dxe5 Kxe5 49. a8=Q
d4 50. cxd4+ Kxd4 51. Kd2 Kc5 52. Qd8 Kc6 53. Qa5 Kb7 54. Qc5 Ka6 55. Qb4 Ka7
56. Qb5 Ka8 57. Kd3 Ka7 58. Kd4 Ka8 59. Kc5 Ka7 60. Kc6 Ka8 61. Qb7# 1-0